000 00278nam a2200121Ia 4500
008 190216s9999||||xx |||||||||||||| ||und||
100 _aCherukad
245 0 _aTharavaditham
260 _bChintha Publishers
_c1987
300 _a116p
650 _aMalayalam Nadakam
942 _cBK
999 _c26703
_d26703